zpět

Detail výsledku týmu

Kentaur PO, Brno

Datum a čas kvízu

27 Celkem bodů Celkový počet nahraných bodů na tomto kvízu bez doplňovacích otázek.
5. Pořadí na kvízu Konečné umístění týmu na tomto kvízu.

Zaznamenané odpovědi

# Otázka Odpověď Body Výsledky
1. Piráti připravili návrh, podle... 0
2. Podle čínského kalendáře vstou... 1
3. Cenu Grammy za nejlepší rockov... 0
4. Společnost Google minulý týden... 1
5. Jak se jmenuje trenér, který v... 0
6. Začneme základní otázkou. Kter... 1
8. Jak se slovy na V a K česky ří... 0
9. Nejvyšší vodopád na světě najd... 0
10. Vzhledem k přírodním podmínkám... 1
43. Jaké "zvířecí" jméno má tato k... 1